000 01063nam a22003257a 4500
001 0003508
003 KOHA_MİRAKIL
005 20260207001338.0
007 ta
008 090406b1996 tu |||gr||||#0|||0|tur |
020 _a975747715X
040 _aTR-BiSEU
_btur
_cTR-BiSEU
_erda
041 0 _atur
044 _ctu
050 _aQC23
_b.S47 1996
100 1 _aSerway, Raymond A..
240 1 0 _aPhysics for scientists & engineers with modern physics
_lTürkçe
245 1 _aFen ve mühendislik için fizik :
_b(modern fizik ilaveli) 3 =
_bPhysics for scientists & engineers with modern physics/
_cRaymond A. Serway ; Raymond A. Serway; çeviri editörü Kemal Çolakoğlu.
264 1 _aAnkara :
_bPalme Yayıncılık
_c1996
300 _a3 c.
336 _ametin
_btxt
_2rdacontent
337 _aaracısız
_bn
_2rdamedia
338 _acilt
_bnc
_2rdacarrier
490 1 _aPalme yayınları ;
_v121.
500 _aDizin var.
650 0 _aFizik.
_91572
830 1 _aPalme yayınları ;
_v121.
_92910
907 _aDers Kitabı
942 _2lcc
_cBK
999 _c3492
_d3492